[Event "Montserrat op"]
[Site "Montserrat"]
[Date "2023.08.31"]
[Round "5"]
[White "Chernikov, Vladimir"]
[Black "Giaccio, Alfredo Gustavo"]
[Result "0-1"]
[WhiteElo "2225"]
[BlackElo "2336"]
[PlyCount "60"]
[EventDate "2023.08.28"]
[EventType "swiss"]
[EventRounds "9"]
[EventCountry "ESP"]
[SourceTitle "CBM 216 Extra"]
[Source "ChessBase"]
[SourceDate "2023.11.30"]
[SourceVersion "1"]
[SourceVersionDate "2023.11.30"]
[SourceQuality "1"]

1. Nf3 Nf6 2. b3 d5 3. Bb2 Bf5 4. g3 h6 5. Bg2 e6 6. d3 Be7 7. Nbd2 0-0 8. Ne5 Nbd7 9. e4 Bh7 10. 0-0 Nxe5 11. Bxe5 c6 12. Qe2 a5 13. a4 Qb6 14. Kh1 dxe4 15. dxe4 Qc5 16. f4 Nd7 17. Bb2 Qxc2 18. Bd4 Nc5 19. Qe3 e5 20. Bxe5 Rfd8 21. Bd4 Rxd4 22. Qxd4 Rd8 23. Qe5 Bf6 24. Qc7 Ne6 25. Rac1 Qa2 26. Qxb7 Rxd2 27. Rxc6 Rxg2 28. Rc8+ Bd8 29. e5 Qe2 30. Qf3 Be4 0-1

[Event "Speed Chess Q2 Sw"]
[Site "Chess.com INT"]
[Date "2023.08.23"]
[Round "4"]
[White "Schwabeneder, Florian"]
[Black "Chernikov, Vladimir"]
[Result "1-0"]
[WhiteElo "2389"]
[BlackElo "2225"]
[PlyCount "71"]
[EventDate "2023.08.23"]
[EventType "swiss (blitz)"]
[EventRounds "14"]
[EventCountry "USA"]
[SourceTitle "CBM 215 Extra"]
[Source "ChessBase"]
[SourceDate "2023.09.30"]
[SourceVersion "1"]
[SourceVersionDate "2023.09.30"]
[SourceQuality "1"]

1. e4 d6 2. d4 Nf6 3. Nc3 e5 4. dxe5 dxe5 5. Qxd8+ Kxd8 6. Bc4 Bb4 7. f3 Be6 8. Bxe6 Bxc3+ 9. bxc3 fxe6 10. Nh3 c5 11. c4 Nc6 12. Bb2 Ke7 13. 0-0-0 Rhd8 14. Nf2 Nd4 15. Nd3 Nd7 16. Kb1 Rac8 17. Bc1 Rc6 18. Bg5+ Nf6 19. c3 Rb6+ 20. Kc1 Nc6 21. Nxc5 Rxd1+ 22. Rxd1 Nb8 23. Nd3 Nbd7 24. Be3 Rc6 25. c5 a5 26. Kc2 b6 27. cxb6 Ne8 28. Rb1 Nd6 29. b7 Nb8 30. Nxe5 Rc7 31. Bg5+ Ke8 32. Rb6 Nxb7 33. Rxe6+ Kf8 34. Rb6 h6 35. Bf4 Re7 36. Ng6+ 1-0

[Event "Titled Tuesday intern op 22nd Aug Early"]
[Site "Chess.com INT"]
[Date "2023.08.22"]
[Round "4"]
[White "Ai, Evan Zihao"]
[Black "Chernikov, Vladimir"]
[Result "0-1"]
[WhiteElo "2199"]
[BlackElo "2225"]
[PlyCount "114"]
[EventDate "2023.08.22"]
[EventType "swiss (blitz)"]
[EventRounds "11"]
[EventCountry "USA"]
[SourceTitle "EXT 2024"]
[Source "ChessBase"]
[SourceDate "2023.10.10"]
[SourceVersion "1"]
[SourceVersionDate "2023.10.10"]
[SourceQuality "1"]

1. e4 d6 2. d4 Nf6 3. Nc3 e5 4. dxe5 dxe5 5. Qxd8+ Kxd8 6. Bg5 Be6 7. 0-0-0+ Kc8 8. a3 c6 9. Nf3 Nbd7 10. Nd2 Bc5 11. f3 b5 12. Nb3 Bb6 13. a4 b4 14. Nb1 a5 15. N1d2 Ne8 16. Nc4 Bc7 17. Be3 Bxc4 18. Bxc4 Nd6 19. Be2 Rd8 20. Nc5 Nxc5 21. Bxc5 Kb7 22. Rd2 f6 23. b3 Nf7 24. Rhd1 Rxd2 25. Rxd2 Rd8 26. Rxd8 Nxd8 27. Bc4 Bb6 28. Bf8 Be3+ 29. Kd1 Bh6 30. Bg8 Kc7 31. Bc5 Nb7 32. Bf2 Kd6 33. Bxh7 Nc5 34. Bg8 g6 35. Bf7 g5 36. Ke2 Nd7 37. Be8 Nf8 38. Bb6 Ne6 39. Bxa5 c5 40. Kd3 Nf4+ 41. Kc4 Nxg2 42. Bb6 Ne3+ 43. Kb5 Nxc2 44. Bxc5+ Kc7 45. Bxb4 Nd4+ 46. Kc4 Nxf3 47. Be7 g4 48. Bxf6 Bf4 49. b4 Nxh2 50. Bh4 Nf3 51. Bf2 g3 52. Bc5 g2 53. b5 Nd2+ 54. Kd5 Nf1 55. Bg1 Be3 56. Kxe5 Bxg1 57. Bc6 Bh2+ 0-1

[Event "Titled Tuesday intern op 22nd Aug Late"]
[Site "Chess.com INT"]
[Date "2023.08.22"]
[Round "1"]
[White "Sanal, Vahap"]
[Black "Chernikov, Vladimir"]
[Result "1-0"]
[WhiteElo "2591"]
[BlackElo "2225"]
[PlyCount "23"]
[EventDate "2023.08.22"]
[EventType "swiss (blitz)"]
[EventRounds "11"]
[EventCountry "USA"]
[SourceTitle "EXT 2024"]
[Source "ChessBase"]
[SourceDate "2023.10.10"]
[SourceVersion "1"]
[SourceVersionDate "2023.10.10"]
[SourceQuality "1"]

1. b3 e5 2. Bb2 Nc6 3. e3 d5 4. Bb5 Bd6 5. Nf3 f6 6. d4 e4 7. Nfd2 Nge7 8. c4 0-0 9. c5 a6 10. Bxc6 bxc6 11. cxd6 Qxd6 12. Ba3 1-0

[Event "Sueca op 7th"]
[Site "Sueca"]
[Date "2023.08.13"]
[Round "9"]
[White "Gavarrete, Nahun"]
[Black "Chernikov, Vladimir"]
[Result "1/2-1/2"]
[WhiteElo "2232"]
[BlackElo "2225"]
[PlyCount "64"]
[EventDate "2023.08.07"]
[EventType "swiss"]
[EventRounds "9"]
[EventCountry "ESP"]
[SourceTitle "CBM 215 Extra"]
[Source "ChessBase"]
[SourceDate "2023.09.30"]
[SourceVersion "1"]
[SourceVersionDate "2023.09.30"]
[SourceQuality "1"]

1. e4 d6 2. d4 Nf6 3. Nc3 e5 4. Nf3 Nbd7 5. Bc4 Be7 6. 0-0 0-0 7. Re1 c6 8. a4 h6 9. Ba2 Re8 10. h3 a5 11. Be3 Bf8 12. dxe5 dxe5 13. Qe2 Qc7 14. Nh4 Nc5 15. Rad1 Be6 16. Bxe6 Nxe6 17. Nf5 Rad8 18. g3 Rxd1 19. Rxd1 Rd8 20. Kg2 Rxd1 21. Qxd1 Qd7 22. Qxd7 Nxd7 23. f3 Kh7 24. Kf2 g6 25. Nh4 Bc5 26. Ng2 Nd4 27. Ne1 Bb6 28. Nd1 h5 29. h4 Kg7 30. b3 Kf6 31. Nb2 Ke6 32. Nc4 Bc7 1/2-1/2